The 13th valley : (Record no. 350663)

000 -LEADER
fixed length control field 00766cam a2200265 a 4500
001 - CONTROL NUMBER
control field 3735121
003 - CONTROL NUMBER IDENTIFIER
control field OSt
005 - DATE AND TIME OF LATEST TRANSACTION
control field 20180116183023.0
008 - FIXED-LENGTH DATA ELEMENTS--GENERAL INFORMATION
fixed length control field 820301s1982 nyub 000 1 eng
010 ## - LIBRARY OF CONGRESS CONTROL NUMBER
LC control number 81070920
020 ## - INTERNATIONAL STANDARD BOOK NUMBER
International Standard Book Number 0553050222
040 ## - CATALOGING SOURCE
Original cataloging agency DLC
Transcribing agency DLC
Modifying agency DLC
050 00 - LIBRARY OF CONGRESS CALL NUMBER
Classification number PS3554.E4327
Item number A613 1982
082 00 - DEWEY DECIMAL CLASSIFICATION NUMBER
Classification number 813.54 VEC 1975
Edition number 19
100 1# - MAIN ENTRY--PERSONAL NAME
Personal name Del Vecchio, John M.,
Dates associated with a name 1948-
245 14 - TITLE STATEMENT
Title The 13th valley :
Remainder of title a novel
Statement of responsibility, etc. by John M. Del Vecchio.
250 ## - EDITION STATEMENT
Edition statement 1st ed.
260 ## - PUBLICATION, DISTRIBUTION, ETC.
Place of publication, distribution, etc. New York :
Name of publisher, distributor, etc. Bantam Books,
Date of publication, distribution, etc. 1982.
300 ## - PHYSICAL DESCRIPTION
Extent 606 p. :
Other physical details maps ;
Dimensions 24 cm.
650 #0 - SUBJECT ADDED ENTRY--TOPICAL TERM
Topical term or geographic name entry element Vietnam War, 1961-1975
Form subdivision Fiction.
655 #7 - INDEX TERM--GENRE/FORM
Genre/form data or focus term War stories.
Source of term gsafd
740 0# - ADDED ENTRY--UNCONTROLLED RELATED/ANALYTICAL TITLE
Uncontrolled related/analytical title Thirteenth valley.
906 ## - LOCAL DATA ELEMENT F, LDF (RLIN)
a 7
b cbc
c orignew
d 1
e opcn
f 19
g y-gencatlg
942 ## - ADDED ENTRY ELEMENTS (KOHA)
Source of classification or shelving scheme
Koha item type Book
Holdings
Withdrawn status Lost status Source of classification or shelving scheme Damaged status Not for loan Collection code Permanent Location Current Location Shelving location Date acquired Total Checkouts Full call number Barcode Date last seen Price effective from Koha item type
            Central Library (CL) Central Library (CL) Fiction 11/30/2015   813.54 VEC 1975 NBSD-2259 11/30/2015 11/30/2015 Book
© 2023 Central Library, National University of Sciences and Technology. All Rights Reserved.